00948cam a2200301 i 450000100090000000300040000900500170001300800410003001000170007102000150008804000280010304200150013104300120014605000210015808200160017910000200019524500580021526400610027330000300033433600210036433700250038533800230041050400570043365000320049065000210052265000190054385600840056217877311OSt20230608134047.0130906s2013 ug b 000 0 eng  a 2013441120 a9966031358 aDLCbengcDLCerdadDLC alcodeapcc afe-----00aKQC86b.K59 2013 a340.11bKIW1 aKiwanda, Yusuf.14aThe exodus of law and legal methods /cYusuf Kiwanda. 1aKampala, Uganda :bLawAfrica Publishing (U) Ltd.,c2013. axxxiv, 277 pages ;c21 cm atext2rdacontent aunmediated2rdamedia avolume2rdacarrier aIncludes bibliographical references (pages 275-277). 0aLawzAfrica, EastxHistory. 0aLawxPhilosophy. 0aLawxLanguage.413Table of contents onlyuhttp://www.loc.gov/catdir/toc/fy14pdf02/2013441120.html